00640nam a22002177a 450000500170000000800410001701000180005802000120007603500170008803700090010504000080011408200170012224501140013925000060025326000400025927000490029930000210034830000210036949000170039065000150040720240814113655.0970904m19271929ii a 001 0aeng  aENG-141147-47 c1500.00 aEN-124679-80 bDBAD aDPL a070.4095421 aCelebrating Excellence in Indian Journalism:bPolestar Awards A Compendium 1999-2013/cBy Polestar Foundation a3 aTamil NadubThe PoleStar Foundation a244, Anna Salai, ChennaibTamil Nadue600006 a351p. c22cm(hb) a379p. c22cm(hb) vVol 1, Vol 2 aLeadership